Top 10 populous cities in the UK - Statistics

General Stats
  • This quiz has been taken 47 times
  • The average score is 8 of 10
Answer Stats
Hint Answer % Correct
7,556,900 London
100%
984,333 Birmingham
95%
864,122 Liverpool
92%
591,620 Glasgow
89%
464,990 Edinburgh
84%
455,123 Leeds
74%
617,280 Bristol
66%
729,977 Nottingham
63%
685,368 Sheffield
63%
508,916 Leicester
47%
No matching quizzes found
Score Distribution
Percent of People with Each Score
Percentile by Number Answered
Your Score History
You have not taken this quiz